Doctor Who Time Lords - Sudden Death - Statistics

General Stats
  • This quiz has been taken 92 times
  • The average score is 4 of 8
Answers on the Grid
Answers color-coded by a green-red scale on the quiz's grid according to % correct below.
The Doctor
K9
The Master
River Song
Davros
The Black Guardian
Romana
Leela
The Rani
Omega
Kamelion
Rassilon
Morbius
The Toymaker
Drax
Nardole
 
Answer Stats
Answer % Correct
The Doctor
95%
The Master
89%
The Rani
60%
Rassilon
51%
Romana
46%
Omega
42%
Morbius
30%
Drax
9%
No matching quizzes found
Score Distribution
Percent of People with Each Score
Percentile by Number Answered
Your Score History
You have not taken this quiz